Statistics for Cheri Cheri Lady - Modern Talking (All Lyrics)

Click here to take the quiz!

General Stats

  • This quiz has been taken 80 times
  • The average score is 189 of 237

Answer Stats

Answer% Correct
cheri
98%
Cheri
98%
Lady
98%
lady
98%
I
97%
heart
95%
you
95%
it
90%
to
90%
To
90%
your
90%
a
89%
go
89%
my
89%
the
89%
is
87%
Listen
87%
time
87%
no
85%
Take
85%
take
85%
find
84%
It's
84%
it's
84%
Love
84%
love
84%
Oh
84%
be
82%
ever
80%
feel
80%
in
80%
me
80%
so
80%
where
80%
can't
79%
Let
79%
Every
75%
for
75%
I'll
75%
cannot
74%
explain
74%
Goin'
74%
Like
74%
like
74%
first
72%
Living
72%
same
72%
that
72%
chance
70%
I've
70%
There's
70%
there's
70%
devotion
69%
need
69%
strong
69%
through
69%
too
69%
All
67%
been
67%
real
67%
don't
66%
lonely
66%
long
66%
motion
66%
always
64%
Who
64%
If
62%
know
62%
part
61%
tomorrow
61%
down
59%
get
59%
romance
59%
world
59%
soul
57%
up
57%
wrong?
57%
around
56%
but
56%
come
56%
right?
56%
yours
56%
Easy
54%
Got
54%
got
54%
lose
54%
pain
54%
think
54%
baby
52%
slow
51%
call
49%
move
49%
turns
49%
times
43%
was
43%

Score Distribution

Percentile by Number Answered

Percent of People with Each Score

Your Score History

You have not taken this quiz